000 01149nam a22002537a 4500
005 20170124103106.0
010 _aB-090523
020 _c200.00
_a8179650553
035 _aB-090523
037 _bCen Lib/Ret
040 _aDPL
_bHN
082 _a070.4
_bहरिमो
100 _aहरिमोहन
_978454
245 _aरेडियो और दूर-दर्शन पत्रकारिता /
_cहरिमोहन
246 _aRadio aur doordarshan patrkarita /
_bby Harimohan
260 _aनयी दिल्ली
_bतक्षिला प्रकाशन
_c2004
270 _bनयी दिल्ली
_a23/4761, अंसारी रोड, दरयागंज
_e110002
300 _a191पृ.
_c17सेमी (सजिल्द)
650 _aहिंदी-पत्रकारिता
_91191
650 _aहिंदी-पत्रकारिता--रेडियो और दूर-दर्शन
_978455
650 _aHindi--journalism
_943511
650 _aHindi--journalism -- radio and tele-vision
_978456
942 _2ddc
_cHN
_h070.4
_mहरिमो
999 _c118123
_d118123